| 000 | 02124nam a2200397 c 4500 | ||
|---|---|---|---|
| 003 | BLK | ||
| 005 | 20220329164033.0 | ||
| 008 | 180410b bul|||||r ||||||| ||bul|| | ||
| 010 | _aKNG00170123000 | ||
| 020 |
_a978-954-398-322-3 _bиздат.: Труд |
||
| 040 | _aBLK | ||
| 041 |
_aBUL _cBUL |
||
| 072 | 7 |
_2bullib _aН83 _xЧужда художествена литература Н |
|
| 080 |
_aНемска литература _b821.112.2 _x-31(082) _z821.112.2-31(082) |
||
| 700 | 1 |
_aТанек, Каролине _e* _9127597 |
|
| 700 | 1 |
_aСартена, Юлиане _e* _9119052 |
|
| 700 | 1 |
_aЛинден, Мартина _e* _9335747 |
|
| 700 | 1 |
_aХейдън, Сандра _e* _9335748 |
|
| 700 | 1 |
_aРайновски, Горан Асенов _eпрев. _9114722 |
|
| 139 |
_aУсловие за влюбване _bУ 79 |
||
| 245 | 1 | 0 |
_aУсловие за влюбване _bСб. романи _c* Каролине Танек; * Юлиане Сартена; * Мартина Линден; * Сандра Хейдън; прев. Горан Асенов Райновски. |
| 257 | _aDEU | ||
| 260 |
_аСофия _bТруд _c2013 _fСофия : Бет принт |
||
| 300 |
_a335 с. _c20 см |
||
| 380 | _aX | ||
| 490 | 1 |
_aАристократичен роман _vт. 3 |
|
| 500 | _aОриг. загл. Fursten-roman: Du bist eine Furstentochter / Caroline Thannek. Ein Vormund zum Verlieben / Juliane Sartena. Dein Lacheln verzaubert alle / Martina Linden. Verkaufe Schloss - vershenke Herz / Sandra Heyden. - Съдържа: Ти си дъщеря на принц / Каролине Танек. Условие за влюбване / Юлиане Сартена. Усмивката ти омагьосва всички / Мартина Линден. Продай замък - подари сърце / Сандра Хейдън. | ||
| 653 | _aромантична проза | ||
| 653 | _aромани | ||
| 659 | _aН | ||
| 852 | _aЦб 272388 | ||
| 856 | 4 |
_qpdf _u |
|
| 856 | 4 |
_qpdf _u |
|
| 942 |
_cKNG _n0 _07 |
||
| 944 |
_aCR _c24.01.2015 _lф / _kВиолета_Тройчева |
||
| 944 |
_aED _c28.12.2015 _lф / _kЛюдмила_Стоянова |
||
| 999 |
_c162742 _d162742 |
||